[Event "POR-chT"]
[Site "Penafiel"]
[Date "2020.08.24"]
[Round "4.1"]
[White "Duarte, Duarte Nuno Nog"]
[Black "Pogorelov, Ruslan"]
[Result "0-1"]
[WhiteElo "1876"]
[BlackElo "2383"]
[PlyCount "58"]
[EventDate "2020.08.22"]
[EventType "team-tourn"]
[EventRounds "9"]
[EventCountry "POR"]
[SourceTitle "CBM 198 Extra"]
[Source "ChessBase"]
[SourceDate "2020.11.30"]
[SourceVersion "1"]
[SourceVersionDate "2020.11.30"]
[SourceQuality "1"]
[WhiteTeam "Amanha da Crianca"]
[BlackTeam "Gaia"]
[WhiteTeamCountry "POR"]
[BlackTeamCountry "POR"]

1. d4 Nf6 2. c4 e6 3. Nf3 b6 4. g3 Ba6 5. Qa4 Bb7 6. Bg2 c5 7. dxc5 bxc5 8. Nc3 Be7 9. 0-0 0-0 10. Rd1 a6 11. Bf4 d6 12. Rab1 Qc7 13. b4 Ne4 14. Qc2 Nxc3 15. Qxc3 Be4 16. bxc5 Qxc5 17. Be3 Qc7 18. Bb6 Qc8 19. Rb3 Nd7 20. Bd4 Nf6 21. Nd2 Bxg2 22. Kxg2 e5 23. Be3 Qf5 24. f3 d5 25. cxd5 Nxd5 26. Qb2 Nxe3+ 27. Rxe3 Rad8 28. Qb3 Bg5 29. Qb2 Bf6 0-1

[Event "POR-ch Amateur U2000"]
[Site "Vila Nova de Gaia"]
[Date "2017.09.21"]
[Round "1"]
[White "Duarte, Duarte Nuno Nog"]
[Black "Cadillon, Joao"]
[Result "1-0"]
[WhiteElo "1917"]
[BlackElo "1739"]
[PlyCount "55"]
[EventDate "2017.09.20"]
[EventType "swiss"]
[EventRounds "4"]
[EventCountry "POR"]
[SourceTitle "EXT 2019"]
[Source "ChessBase"]
[SourceDate "2018.10.10"]
[SourceVersion "1"]
[SourceVersionDate "2018.10.10"]
[SourceQuality "1"]

1. d4 Nf6 2. c4 c5 3. d5 b5 4. cxb5 a6 5. e3 axb5 6. Bxb5 Ba6 7. Bxa6 Nxa6 8. Nc3 g6 9. Nge2 Bg7 10. 0-0 0-0 11. e4 d6 12. Rb1 Qd7 13. a3 Rfb8 14. Qc2 Nc7 15. h3 Nb5 16. Nxb5 Qxb5 17. b4 Nd7 18. Bb2 Bxb2 19. Qxb2 Qd3 20. Nc3 cxb4 21. axb4 Rc8 22. Rfc1 Rc4 23. Qc2 Qd4 24. Nb5 Rxc2 25. Nxd4 Rxc1+ 26. Rxc1 Ne5 27. Nc6 Kf8 28. b5 1-0

[Event "POR-ch Amateur U2000"]
[Site "Vila Nova de Gaia"]
[Date "2017.09.21"]
[Round "2"]
[White "Freitas, Ruben Manuel"]
[Black "Duarte, Duarte Nuno Nog"]
[Result "0-1"]
[WhiteElo "1655"]
[BlackElo "1917"]
[PlyCount "80"]
[EventDate "2017.09.20"]
[EventType "swiss"]
[EventRounds "4"]
[EventCountry "POR"]
[SourceTitle "EXT 2019"]
[Source "ChessBase"]
[SourceDate "2018.10.10"]
[SourceVersion "1"]
[SourceVersionDate "2018.10.10"]
[SourceQuality "1"]

1. e4 e5 2. Nf3 Nc6 3. Bb5 a6 4. Ba4 Nf6 5. d3 d6 6. c3 Be7 7. 0-0 b5 8. Bc2 0-0 9. Re1 Re8 10. Nbd2 h6 11. Nf1 Bf8 12. Ng3 g6 13. h3 Bb7 14. Be3 Kh7 15. d4 exd4 16. Nxd4 Na5 17. f3 c5 18. Nde2 d5 19. Bf2 dxe4 20. Qxd8 Raxd8 21. Bxe4 Nxe4 22. Nxe4 Bxe4 23. fxe4 Rxe4 24. b4 cxb4 25. Bb6 Rde8 26. Bxa5 Rxe2 27. Rxe2 Rxe2 28. Bxb4 Bxb4 29. cxb4 Rb2 30. a3 Kg7 31. Rf1 Rb3 32. Ra1 h5 33. Ra2 h4 34. Ra1 Kh6 35. Rf1 f5 36. Ra1 Kg5 37. Ra2 Kf4 38. Kf2 g5 39. Ke1 Kg3 40. Kd1 Rb1+ 0-1

[Event "Famalicao op 5th"]
[Site "Famalicao"]
[Date "2017.08.02"]
[Round "6"]
[White "Padeiro, Jose Joao Tato"]
[Black "Duarte, Duarte Nuno Nog"]
[Result "1-0"]
[WhiteElo "2276"]
[BlackElo "1897"]
[PlyCount "51"]
[EventDate "2017.07.29"]
[EventType "swiss"]
[EventRounds "9"]
[EventCountry "POR"]
[SourceTitle "EXT 2018"]
[Source "ChessBase"]
[SourceDate "2017.10.13"]
[SourceVersion "1"]
[SourceVersionDate "2017.10.13"]
[SourceQuality "1"]

1. Nf3 d5 2. c4 c6 3. d4 Bg4 4. Ne5 Nf6 5. Nxg4 Nxg4 6. e4 h5 7. e5 e6 8. cxd5 Qxd5 9. Nc3 Bb4 10. f3 Nh6 11. a3 Bxc3+ 12. bxc3 Nf5 13. Bd3 Nd7 14. 0-0 h4 15. Rb1 Nb6 16. a4 h3 17. g3 Qa2 18. Rf2 Qxa4 19. Qxa4 Nxa4 20. Bxf5 exf5 21. Rxb7 Nxc3 22. Ba3 Nb5 23. Bc5 a6 24. Re7+ Kd8 25. Rxf7 g6 26. Rg7 1-0

[Event "Famalicao op 5th"]
[Site "Famalicao"]
[Date "2017.08.01"]
[Round "5"]
[White "Duarte, Duarte Nuno Nog"]
[Black "Do Santos Julio, Joao Manuel"]
[Result "1-0"]
[WhiteElo "1897"]
[BlackElo "2110"]
[PlyCount "63"]
[EventDate "2017.07.29"]
[EventType "swiss"]
[EventRounds "9"]
[EventCountry "POR"]
[SourceTitle "EXT 2018"]
[Source "ChessBase"]
[SourceDate "2017.10.13"]
[SourceVersion "1"]
[SourceVersionDate "2017.10.13"]
[SourceQuality "1"]

1. d4 d5 2. c4 Nf6 3. Nc3 c6 4. Bg5 h6 5. Bxf6 exf6 6. cxd5 cxd5 7. e3 Nc6 8. a3 Bd6 9. Nxd5 0-0 10. Nc3 a6 11. Bd3 Re8 12. Nge2 Qc7 13. Ne4 Bg4 14. Nxd6 Qxd6 15. 0-0 Qe7 16. Qd2 Rad8 17. Nc3 Bc8 18. Qc2 Qd7 19. Rac1 Ne7 20. Na4 f5 21. Nb6 Qe6 22. Nxc8 Rxc8 23. Qd2 g6 24. g3 Nd5 25. Bc4 Rxc4 26. Rxc4 f4 27. exf4 Nxf4 28. d5 Nxd5 29. Rd4 Nf6 30. Qxh6 Qb6 31. Rh4 Nh5 32. Rxh5 1-0

[Event "Gaia Profigaia op 17th"]
[Site "Vila Nova de Gaia"]
[Date "2017.06.15"]
[Round "2"]
[White "Sismeiro, Miguel"]
[Black "Duarte, Duarte Nuno Nog"]
[Result "0-1"]
[WhiteElo "1528"]
[BlackElo "1916"]
[PlyCount "68"]
[EventDate "2017.06.14"]
[EventType "swiss"]
[EventRounds "7"]
[EventCountry "POR"]
[SourceTitle "CBM 179 Extra"]
[Source "ChessBase"]
[SourceDate "2017.08.23"]
[SourceVersion "1"]
[SourceVersionDate "2017.08.23"]
[SourceQuality "1"]

1. e4 c5 2. Nf3 e6 3. d4 cxd4 4. Nxd4 a6 5. Nc3 Qc7 6. Be2 b5 7. 0-0 Bb7 8. Bf3 Bc5 9. Nb3 Bd6 10. h3 Ne7 11. Be3 0-0 12. Bd4 Nbc6 13. Nc5 Nxd4 14. Nxb7 Nxf3+ 15. Qxf3 Qxb7 16. Rad1 Be5 17. Rd3 Bxc3 18. Rxc3 Rac8 19. Rd1 Rxc3 20. Qxc3 d5 21. exd5 Nxd5 22. Qe5 h6 23. Rd3 Qb8 24. Qd4 Rc8 25. Rg3 g6 26. c3 Nf4 27. Qe3 Rd8 28. Rf3 Rd1+ 29. Kh2 Nd5+ 30. Rg3 Nxe3 31. fxe3 Re1 32. h4 Rxe3 33. Kg1 Qxg3 34. a4 Re1# 0-1

[Event "Gaia Profigaia op 17th"]
[Site "Vila Nova de Gaia"]
[Date "2017.06.14"]
[Round "1"]
[White "Duarte, Duarte Nuno Nog"]
[Black "Mesquita, Goncalo Sincero Cos"]
[Result "1-0"]
[WhiteElo "1916"]
[BlackElo "1173"]
[PlyCount "90"]
[EventDate "2017.06.14"]
[EventType "swiss"]
[EventRounds "7"]
[EventCountry "POR"]
[SourceTitle "CBM 179 Extra"]
[Source "ChessBase"]
[SourceDate "2017.08.23"]
[SourceVersion "1"]
[SourceVersionDate "2017.08.23"]
[SourceQuality "1"]

1. d4 d5 2. c4 e6 3. Nc3 Nf6 4. Bg5 Be7 5. e3 Ne4 6. Bxe7 Qxe7 7. Bd3 Nxc3 8. bxc3 Qa3 9. Qc2 Nd7 10. Nf3 Nf6 11. 0-0 Bd7 12. Rab1 Rb8 13. c5 Ba4 14. Qd2 Ne4 15. Bxe4 dxe4 16. Ng5 Bc6 17. Qc2 a6 18. Nxe4 Bxe4 19. Qxe4 0-0 20. Qc2 Rfe8 21. Rb3 Qa4 22. Qb2 Re7 23. Rxb7 Rxb7 24. Qxb7 g6 25. Qb3 Qb5 26. Qxb5 axb5 27. Rb1 c6 28. a3 Ra7 29. Rb3 Kg7 30. Kf1 Ra5 31. Ke2 Kf6 32. Kd3 Ke7 33. c4 bxc4+ 34. Kxc4 Ra4+ 35. Kc3 h5 36. Rb7+ Ke8 37. Kb3 Ra6 38. Rb6 Rxb6+ 39. cxb6 Kd8 40. Kc4 Kc8 41. Kc5 Kb7 42. a4 f6 43. a5 e5 44. Kd6 exd4 45. exd4 f5 1-0

[Event "Gaia Profigaia op 8th"]
[Site "Vila Nova de Gaia"]
[Date "2015.06.28"]
[Round "4"]
[White "Duarte, Duarte Nuno Nog"]
[Black "Rocha, Sergio MC"]
[Result "0-1"]
[WhiteElo "1954"]
[BlackElo "2387"]
[PlyCount "62"]
[EventDate "2015.06.27"]
[EventType "swiss"]
[EventRounds "9"]
[EventCountry "POR"]
[SourceTitle "EXT 2018"]
[Source "ChessBase"]
[SourceDate "2017.10.13"]
[SourceVersion "1"]
[SourceVersionDate "2017.10.13"]
[SourceQuality "1"]

1. d4 d6 2. c4 e5 3. dxe5 dxe5 4. Qxd8+ Kxd8 5. Nc3 Be6 6. b3 c6 7. Bb2 Nd7 8. 0-0-0 f6 9. e3 Nh6 10. h3 Nf7 11. Bd3 a5 12. Nge2 Kc7 13. Na4 Nd6 14. Nec3 b6 15. g4 h5 16. f3 Nb7 17. Ne4 Be7 18. Ng3 h4 19. Bf5 Ndc5 20. Nxc5 Bxc5 21. Nf1 Bxf5 22. gxf5 Rh5 23. e4 Rg5 24. Bc3 Nd6 25. Bd2 Rg2 26. Rh2 Rxh2 27. Nxh2 a4 28. Kb2 axb3 29. axb3 b5 30. cxb5 Nxb5 31. Bc3 Ra2+ 0-1

[Event "POR CupT Associations"]
[Site "Montemoro Velho"]
[Date "2014.10.19"]
[Round "2.1"]
[White "Duarte, Duarte Nuno Nog"]
[Black "Maduro, Joao Luis Andrade"]
[Result "1/2-1/2"]
[WhiteElo "1957"]
[BlackElo "1763"]
[PlyCount "75"]
[EventDate "2014.10.18"]
[EventType "team-k.o."]
[EventRounds "3"]
[EventCountry "POR"]
[SourceTitle "EXT 2018"]
[Source "ChessBase"]
[SourceDate "2017.10.13"]
[SourceVersion "1"]
[SourceVersionDate "2017.10.13"]
[SourceQuality "1"]
[WhiteTeam "O Amanha da Crianca"]
[BlackTeam "Montemor o Velho"]
[WhiteTeamCountry "POR"]
[BlackTeamCountry "POR"]

1. d4 Nf6 2. c4 e6 3. Nc3 Bb4 4. Bg5 h6 5. Bh4 c5 6. dxc5 Nc6 7. a3 Bxc3+ 8. bxc3 g5 9. Bg3 Ne4 10. Qb3 Nxc5 11. Qc2 Qa5 12. e3 Qa4 13. Qxa4 Nxa4 14. Kd2 b6 15. Nf3 Ba6 16. Nd4 Rc8 17. Nb5 Bxb5 18. cxb5 Na5 19. Ra2 Ke7 20. Rc2 Nb3+ 21. Kd3 Nac5+ 22. Kc4 d5+ 23. Kb4 Na5 24. Be2 Ne4 25. f3 Nxg3 26. hxg3 Rc5 27. g4 Rhc8 28. a4 Rh8 29. Bd3 Kf6 30. g3 Kg7 31. Rch2 Nc4 32. Bxc4 Rxc4+ 33. Kb3 Rhc8 34. Rc2 e5 35. Rd1 R4c5 36. Rcc1 R8c7 37. Rc2 Rc8 38. Rdc1 1/2-1/2

[Event "LSS RB-2008-0-00009"]
[Site "LSS email"]
[Date "2008.05.06"]
[Round "?"]
[White "Duarte, Duarte Nuno Nog"]
[Black "Jovanovic, Bratislav"]
[Result "0-1"]
[WhiteElo "1838"]
[BlackElo "1845"]
[PlyCount "64"]
[EventDate "2008.05.01"]
[EventType "tourn (corr)"]
[EventRounds "6"]
[EventCountry "GER"]
[SourceTitle "Corr 2011"]
[Source "ChessBase"]
[SourceDate "2010.08.31"]
[SourceVersion "1"]
[SourceVersionDate "2010.08.31"]
[SourceQuality "1"]

1. Nf3 e6 2. c4 f5 3. g3 Nf6 4. Bg2 d5 5. 0-0 c6 6. d4 Be7 7. b3 0-0 8. Ba3 Ne4 9. Bxe7 Qxe7 10. Nbd2 Nd7 11. Qc2 b6 12. Rfe1 Bb7 13. e3 c5 14. cxd5 exd5 15. Rac1 Rac8 16. Qd3 Rfe8 17. h3 a6 18. dxc5 bxc5 19. h4 Qd6 20. Red1 Ndf6 21. Ng5 Nxf2 22. Kxf2 Ng4+ 23. Kg1 Qxg3 24. Ngf3 Nxe3 25. Qe2 Nxd1 26. Qxd1 Qg4 27. Kh2 Re3 28. Qf1 Rce8 29. Kg1 Qb4 30. Qf2 Re2 31. Qg3 f4 32. Qg4 Rxd2 0-1

[Event "LSS OP-2008-0-00446"]
[Site "LSS email"]
[Date "2008.01.14"]
[Round "?"]
[White "Duarte, Duarte Nuno Nog"]
[Black "Drob, Marek"]
[Result "0-1"]
[WhiteElo "1871"]
[BlackElo "800"]
[PlyCount "76"]
[EventDate "2008.01.13"]
[EventType "tourn (corr)"]
[EventRounds "4"]
[EventCountry "GER"]
[SourceTitle "Corr 2011"]
[Source "ChessBase"]
[SourceDate "2010.08.31"]
[SourceVersion "1"]
[SourceVersionDate "2010.08.31"]
[SourceQuality "1"]

1. Nf3 c6 2. d4 d5 3. c4 Nf6 4. Nc3 e6 5. Bg5 Nbd7 6. e3 Be7 7. Bd3 0-0 8. 0-0 h6 9. Bh4 dxc4 10. Bxc4 b5 11. Be2 Bb7 12. a3 a6 13. b4 Ng4 14. Bxe7 Qxe7 15. Ne4 a5 16. Qb3 axb4 17. axb4 e5 18. Nc5 Nxc5 19. dxc5 Nf6 20. Qb2 e4 21. Nd4 g6 22. Rfd1 Qe5 23. Rxa8 Rxa8 24. Ra1 Rxa1+ 25. Qxa1 Nd5 26. Qa7 Qe7 27. Qa5 Qc7 28. Qa3 Qb8 29. Bd1 Qa8 30. Qb2 Qe8 31. Bb3 Nxb4 32. Bxf7+ Qxf7 33. Qxb4 Qa2 34. g3 Bc8 35. Kg2 Bd7 36. h3 h5 37. Qc3 Kf7 38. h4 Qb1 0-1

[Event "Figueira da Foz op 2nd"]
[Site "Figueira da Foz"]
[Date "2005.11.05"]
[Round "9"]
[White "Duarte, Duarte Nuno Nog"]
[Black "Placido, Maria Armanda Codea"]
[Result "0-1"]
[WhiteElo "2069"]
[BlackElo "1836"]
[PlyCount "104"]
[EventDate "2005.10.29"]
[EventType "swiss"]
[EventRounds "9"]
[EventCountry "POR"]
[SourceTitle "EXT 2006"]
[Source "ChessBase"]
[SourceDate "2005.11.24"]
[SourceVersion "1"]
[SourceVersionDate "2005.11.24"]
[SourceQuality "1"]

1. Nf3 d5 2. c4 d4 3. d3 c5 4. e3 Nc6 5. exd4 Nxd4 6. Nxd4 cxd4 7. Bf4 g6 8. Nd2 Bg7 9. Nf3 Bg4 10. Be2 Qa5+ 11. Bd2 Qb6 12. h3 Bd7 13. 0-0 Nf6 14. b4 Be6 15. c5 Qd8 16. Qc2 0-0 17. Rab1 a6 18. a4 Nd5 19. Ng5 Bd7 20. Bf3 e6 21. Ne4 h6 22. Rfc1 b5 23. axb5 axb5 24. Qb2 Bc6 25. Ra1 Qc7 26. Rxa8 Rxa8 27. Ra1 Qb8 28. Ra3 Ra4 29. Rxa4 bxa4 30. Nd6 Bb5 31. Bxd5 exd5 32. Nxb5 Qxb5 33. Qc2 Qc6 34. Bc1 Kh7 35. Ba3 Be5 36. Qb2 Qb5 37. Qc2 Qc6 38. Qe2 Bf6 39. Kf1 Kg7 40. Qf3 Bg5 41. Qg3 Be7 42. Qf4 Bf6 43. Ke2 Qe8+ 44. Kd1 Qb5 45. Kc2 Qb8 46. Kd1 Qb5 47. Qf3 Qc6 48. Qg3 Qb5 49. Qf3 Qc6 50. g3 Qd7 51. h4 h5 52. Bb2 a3 0-1

[Event "Figueira da Foz op 2nd"]
[Site "Figueira da Foz"]
[Date "2005.11.01"]
[Round "4"]
[White "Duarte, Duarte Nuno Nog"]
[Black "Pogorelov, Ruslan"]
[Result "0-1"]
[WhiteElo "2069"]
[BlackElo "2435"]
[PlyCount "84"]
[EventDate "2005.10.29"]
[EventType "swiss"]
[EventRounds "9"]
[EventCountry "POR"]
[SourceTitle "EXT 2006"]
[Source "ChessBase"]
[SourceDate "2005.11.24"]
[SourceVersion "1"]
[SourceVersionDate "2005.11.24"]
[SourceQuality "1"]

1. Nf3 Nf6 2. g3 b5 3. b3 Bb7 4. Bg2 e6 5. 0-0 Be7 6. Bb2 0-0 7. d3 d6 8. Nbd2 c5 9. e3 Qc7 10. c4 a6 11. Qe2 Nbd7 12. Rfc1 b4 13. Nf1 a5 14. Rd1 a4 15. Qc2 Bc6 16. N1d2 Qb7 17. Ne1 Bxg2 18. Nxg2 a3 19. Bc1 Ne5 20. e4 Nc6 21. Nf3 Nd7 22. Be3 Nde5 23. Nge1 Nxf3+ 24. Nxf3 f5 25. Ne1 Bf6 26. Rab1 Bd4 27. Qe2 e5 28. Nc2 f4 29. Bxd4 f3 30. Qf1 exd4 31. h4 Ne5 32. Qh3 Qe7 33. Rd2 Qf6 34. Rf1 Rae8 35. Ne1 g5 36. Kh1 Kh8 37. Rg1 Rg8 38. g4 gxh4 39. Rd1 Ref8 40. g5 Rxg5 41. Rxg5 Qxg5 42. Qh2 Rg8 0-1

[Event "Belo Horizonte pre olympic"]
[Site "Belo Horizonte"]
[Date "2004.10.09"]
[Round "1"]
[White "Fier, Alexandr"]
[Black "Duarte, Duarte Nuno Nog"]
[Result "1/2-1/2"]
[WhiteElo "2365"]
[BlackElo "2070"]
[PlyCount "114"]
[EventDate "2004.10.09"]
[EventType "swiss"]
[EventRounds "7"]
[EventCountry "BRA"]
[SourceTitle "CBM 102 Extra"]
[Source "ChessBase"]
[SourceDate "2004.11.03"]
[SourceVersion "1"]
[SourceVersionDate "2004.11.03"]
[SourceQuality "1"]

1. e4 e5 2. f4 d5 3. exd5 e4 4. d3 Nf6 5. dxe4 Nxe4 6. Nf3 Bc5 7. Qe2 Qe7 8. Be3 Bd6 9. Nbd2 0-0 10. Nxe4 Qxe4 11. Qd3 Re8 12. Qxe4 Rxe4 13. Kf2 Bxf4 14. Bxf4 Rxf4 15. Bd3 Nd7 16. Rhe1 Kf8 17. Kg3 Rb4 18. b3 Nc5 19. Bc4 Bf5 20. c3 Rb6 21. b4 Nd3 22. Bxd3 Bxd3 23. Ne5 Bf5 24. Rf1 g6 25. Kh4 Rd6 26. c4 Re8 27. Rae1 f6 28. g4 Rxe5 29. gxf5 Rxf5 30. Rxf5 gxf5 31. Rf1 Ra6 32. Rf2 Ra3 33. h3 Kf7 34. Rd2 Re3 35. c5 Re4+ 36. Kh5 Ke7 37. a3 Re3 38. h4 Rxa3 39. Kh6 Ra4 40. Kxh7 Rxb4 41. h5 Rc4 42. h6 Rxc5 43. Kg7 Rc1 44. Re2+ Kd7 45. Rh2 Re1 46. h7 Re8 47. h8Q Rxh8 48. Rxh8 Kd6 49. Kxf6 Kxd5 50. Kxf5 a5 51. Rd8+ Kc4 52. Rd7 b5 53. Rxc7+ Kb3 54. Rc5 b4 55. Rxa5 Kc2 56. Rc5+ Kd3 57. Rb5 Kc3 1/2-1/2

[Event "IECG CA.2003.0.00103 email"]
[Site "IECG email"]
[Date "2003.09.03"]
[Round "?"]
[White "Duarte, Duarte Nuno Nog"]
[Black "Peto, Peter"]
[Result "0-1"]
[WhiteElo "2057"]
[BlackElo "2105"]
[PlyCount "94"]
[EventDate "2003.09.03"]
[EventType "tourn (corr)"]
[EventRounds "6"]
[SourceTitle "Corr 2008"]
[Source "ChessBase"]
[SourceDate "2008.06.24"]
[SourceVersion "1"]
[SourceVersionDate "2008.06.24"]
[SourceQuality "1"]

1. d4 Nf6 2. c4 c6 3. Nf3 d5 4. Nc3 dxc4 5. a4 Bf5 6. e3 e6 7. Bxc4 Bb4 8. 0-0 Nbd7 9. Qb3 Qb6 10. Nh4 0-0 11. Nxf5 exf5 12. Rd1 a5 13. Qc2 g6 14. Bd2 Rfe8 15. Rac1 Re7 16. g3 Qc7 17. Nb1 Bd6 18. Bf1 Nd5 19. Nc3 Nb4 20. Qb3 Nb6 21. Bg2 Qd7 22. d5 cxd5 23. Nb5 Be5 24. Bxb4 axb4 25. Ra1 Ree8 26. Qxb4 Qe7 27. Qb3 Qf6 28. Nc3 Bxc3 29. bxc3 Ra5 30. Rd4 Qc6 31. Rad1 Re5 32. c4 Nxc4 33. Qc3 Qb6 34. h4 Rc5 35. Rxd5 Rexd5 36. Rxd5 Rxd5 37. Bxd5 Nd6 38. h5 gxh5 39. a5 Qb5 40. Qe5 Qd7 41. Kg2 h6 42. Bf3 Ne4 43. Bxh5 Ng5 44. Be2 Qc6+ 45. Kh2 Nf3+ 46. Bxf3 Qxf3 47. Kg1 Qe4 0-1

[Event "POR-ch University"]
[Site "Guimaraes"]
[Date "2002.05.06"]
[Round "1.3"]
[White "Duarte, Duarte Nuno Nog"]
[Black "Louro, Pedro"]
[Result "1-0"]
[WhiteElo "2065"]
[BlackElo "1726"]
[PlyCount "85"]
[EventDate "2002.05.06"]
[EventType "swiss"]
[EventRounds "11"]
[EventCountry "POR"]
[SourceTitle "CBM 088 Extra"]
[Source "ChessBase"]
[SourceDate "2002.07.01"]
[SourceVersion "2"]
[SourceVersionDate "2002.07.01"]
[SourceQuality "1"]

1. d4 d5 2. c4 c6 3. Nc3 Nf6 4. Bf4 Bf5 5. e3 e6 6. Qb3 Qc8 7. Nf3 Nbd7 8. Rc1 dxc4 9. Bxc4 Be7 10. 0-0 0-0 11. Be2 Bg4 12. h3 Bf5 13. Nb5 Nd5 14. Bg3 N7b6 15. Nd2 Nf6 16. f3 Qd7 17. Na3 Nh5 18. Bh2 Bg6 19. Nac4 Nxc4 20. Nxc4 Rac8 21. Ne5 Qd8 22. Nxg6 hxg6 23. Qxb7 Bd6 24. b3 Bxh2+ 25. Kxh2 Qd6+ 26. f4 Rc7 27. Qa6 Nf6 28. Bf3 Nd5 29. Bxd5 exd5 30. Qd3 g5 31. g3 gxf4 32. exf4 Re8 33. Rfe1 f6 34. Qf5 Qd7 35. Rxe8+ Qxe8 36. Qc2 Qe6 37. Qf2 Re7 38. Rc2 Qf7 39. Re2 Qf8 40. Rxe7 Qxe7 41. h4 Qf8 42. Qe2 Kf7 43. Kg2 1-0